00470 2200169 4500001002100000008004100021035002000062245006200082100002200144260003100166300002100197020002200218084001400240082000800254650002400262990001400286INLIS000000000000252 ind  a0010-0625000044 aSeribuPena Fisika untuk SMA/MA Kelas XIcMarthen Kanginan aKanginan, Marthen aJakarta :bErlangga,c2008 a244 hlm.c25 cm. a978-979-033-351-2 a530 KAN s a530 aPendidikan - Fisika a000000275